| 000 | 00485nam a2200133Ia 4500 | ||
|---|---|---|---|
| 008 | 231129s9999||||xx |||||||||||||| ||spa|| | ||
| 020 | _a958-28-0820-9 | ||
| 040 | _bspa | ||
| 082 | _a394.2663 H565t | ||
| 100 | _aHerrera Téllez Adriana | ||
| 245 | 0 | _aTodo sobre la navidad: Villancicos recetas adornos cuentos novenas y demás tradiciones decembrinas en América Latina y en el mundo | |
| 264 | _aCírculo de Lectores | ||
| 942 |
_2ddc _cBKS |
||
| 999 |
_c25467 _d25467 |
||